[Event "Madrid-ch Seniors 65"]
[Site "Madrid"]
[Date "2019.01.28"]
[Round "6"]
[White "Leniz Martinez, Francisco"]
[Black "Rodriguez Agarrabeitia, Juan Antonio"]
[Result "1-0"]
[WhiteElo "1689"]
[BlackElo "1248"]
[PlyCount "87"]
[EventDate "2019.01.21"]
[EventType "swiss"]
[EventRounds "7"]
[EventCountry "ESP"]
[SourceTitle "CBM 188 Extra"]
[Source "ChessBase"]
[SourceDate "2019.02.26"]
[SourceVersion "1"]
[SourceVersionDate "2019.02.26"]
[SourceQuality "1"]

1. e4 c5 2. Nf3 Nc6 3. d4 cxd4 4. Nxd4 g6 5. c4 Bg7 6. Be3 Nf6 7. Nc3 0-0 8. Be2 d6 9. 0-0 e5 10. Ndb5 Nd4 11. Nxd4 exd4 12. Bxd4 Be6 13. Rc1 d5 14. cxd5 Bxd5 15. exd5 Nxd5 16. Bxg7 Ne3 17. fxe3 Qxd1 18. Rcxd1 Kxg7 19. Rd7 b6 20. e4 a5 21. b3 Rac8 22. Bc4 Rc5 23. Rdxf7+ Rxf7 24. Rxf7+ Kh6 25. Rf6 a4 26. Rxb6 axb3 27. axb3 Ra5 28. Ra6 Re5 29. Bd5 Re8 30. b4 Rc8 31. Bc6 Rd8 32. Nd5 Rf8 33. e5 Rf5 34. e6 Re5 35. e7 Re1+ 36. Kf2 Re5 37. e8Q Rxe8 38. Bxe8 Kg5 39. Ne3 Kf4 40. b5 g5 41. b6 g4 42. b7 g3+ 43. hxg3+ Kg5 44. b8Q 1-0

[Event "Madrid-ch Seniors 65"]
[Site "Madrid"]
[Date "2019.01.25"]
[Round "5"]
[White "Mendez Rodriguez, Carlos"]
[Black "Leniz Martinez, Francisco"]
[Result "1/2-1/2"]
[WhiteElo "1558"]
[BlackElo "1689"]
[PlyCount "34"]
[EventDate "2019.01.21"]
[EventType "swiss"]
[EventRounds "7"]
[EventCountry "ESP"]
[SourceTitle "CBM 188 Extra"]
[Source "ChessBase"]
[SourceDate "2019.02.26"]
[SourceVersion "1"]
[SourceVersionDate "2019.02.26"]
[SourceQuality "1"]

1. Nf3 c5 2. c4 Nf6 3. g3 e6 4. d4 cxd4 5. Nxd4 Nc6 6. a3 d5 7. Bg2 Be7 8. 0-0 0-0 9. b4 a6 10. Nc3 Nxd4 11. Qxd4 dxc4 12. Qxc4 b5 13. Qb3 Ra7 14. Be3 Rd7 15. Bc6 Rd6 16. Bg2 Rd7 17. Bc6 Rd6 1/2-1/2

[Event "Collado Villalba op-B 35th"]
[Site "Collado Villalba"]
[Date "2018.08.25"]
[Round "2"]
[White "Gallego Romero, Manuel"]
[Black "Leniz Martinez, Francisco"]
[Result "1/2-1/2"]
[WhiteElo "1406"]
[BlackElo "1683"]
[PlyCount "101"]
[EventDate "2018.08.24"]
[EventType "swiss"]
[EventRounds "9"]
[EventCountry "ESP"]
[SourceTitle "CBM 186 Extra"]
[Source "ChessBase"]
[SourceDate "2018.08.24"]
[SourceVersion "1"]
[SourceVersionDate "2018.08.24"]
[SourceQuality "1"]

1. e4 c5 2. Nf3 e6 3. Bb5 a6 4. Be2 Nf6 5. d3 d6 6. Bg5 Be7 7. 0-0 0-0 8. Nbd2 Nbd7 9. h3 b6 10. Nc4 b5 11. Ne3 Bb7 12. Nd2 d5 13. Bf3 d4 14. Ng4 Nxg4 15. Bxe7 Qxe7 16. Bxg4 f5 17. exf5 exf5 18. Bf3 Nf6 19. Bxb7 Qxb7 20. Qf3 Qd5 21. b3 Rfe8 22. Rfe1 Qxf3 23. Nxf3 Nd7 24. Kf1 Kf7 25. Re2 Rxe2 26. Kxe2 Kf6 27. Re1 Re8+ 28. Kd2 Rxe1 29. Kxe1 Ne5 30. Nd2 g5 31. f3 h5 32. Kf2 h4 33. Ke2 Ng6 34. Kf2 Nf4 35. a3 a5 36. a4 bxa4 37. bxa4 Nd5 38. Nc4 Nc3 39. Nxa5 Nxa4 40. Nb3 Ke5 41. g3 Kd5 42. f4 hxg3+ 43. Kxg3 gxf4+ 44. Kxf4 Ke6 45. h4 Kf6 46. h5 Nc3 47. Nxc5 Nd5+ 48. Kf3 Nb4 49. Kf4 Nd5+ 50. Kf3 Nb4 51. Kf4 1/2-1/2

[Event "Madrid-ch Seniors 65 1718"]
[Site "Madrid"]
[Date "2018.01.22"]
[Round "1"]
[White "Ciuro Munoz, Ricardo"]
[Black "Leniz Martinez, Francisco"]
[Result "1-0"]
[WhiteElo "1986"]
[BlackElo "1692"]
[PlyCount "105"]
[EventDate "2018.01.22"]
[EventType "swiss"]
[EventRounds "7"]
[EventCountry "ESP"]
[SourceTitle "EXT 2020"]
[Source "ChessBase"]
[SourceDate "2019.10.17"]
[SourceVersion "1"]
[SourceVersionDate "2019.10.17"]
[SourceQuality "1"]

1. d4 c5 2. c3 e6 3. Bf4 d5 4. e3 Nf6 5. Nf3 Be7 6. Bd3 0-0 7. Nbd2 b6 8. Ne5 Bb7 9. Ndf3 Nbd7 10. 0-0 Ne4 11. Nxd7 Qxd7 12. Ne5 Qe8 13. a4 a6 14. Qh5 f6 15. Qxe8 Rfxe8 16. Nd7 Bd8 17. Bxe4 dxe4 18. dxc5 e5 19. Bg3 bxc5 20. Nxc5 Bc6 21. b4 Bb6 22. Nb3 Red8 23. c4 Rd3 24. Nc1 Rc3 25. c5 Bc7 26. Ne2 Rc2 27. Rfe1 Rd8 28. Rac1 Bxa4 29. Rxc2 Bxc2 30. Nd4 Bd3 31. Ne6 Rc8 32. Nxc7 Rxc7 33. f4 exf4 34. Bxf4 Rc6 35. Bd6 Kf7 36. g4 Ke6 37. Kf2 Rc8 38. h4 Kd5 39. Kg3 Kc4 40. Rc1+ Kd5 41. Kf4 Rc6 42. g5 Ke6 43. gxf6 Kxf6 44. Rg1 g6 45. h5 Rc8 46. hxg6 hxg6 47. Be5+ Ke6 48. Rxg6+ Kd5 49. Rd6+ Kc4 50. Rb6 Rf8+ 51. Kg5 Kd5 52. Bd6 Bb5 53. Bxf8 1-0

[Event "Madrid-ch Seniors 65"]
[Site "Madrid"]
[Date "2017.01.25"]
[Round "4"]
[White "Leniz Martinez, Francisco"]
[Black "Garcia Esteban, Ignacio"]
[Result "0-1"]
[WhiteElo "1721"]
[BlackElo "1851"]
[PlyCount "74"]
[EventDate "2017.01.20"]
[EventType "swiss"]
[EventRounds "7"]
[EventCountry "ESP"]
[SourceTitle "CBM 176 Extra"]
[Source "ChessBase"]
[SourceDate "2017.03.02"]
[SourceVersion "1"]
[SourceVersionDate "2017.03.02"]
[SourceQuality "1"]

1. Nf3 Nf6 2. d4 g6 3. g3 Bg7 4. Bg2 d5 5. 0-0 0-0 6. b3 c5 7. Bb2 cxd4 8. Bxd4 Nc6 9. Bb2 Bf5 10. Na3 Rc8 11. c4 dxc4 12. Nxc4 Be4 13. Ncd2 Bd5 14. Rc1 Qa5 15. a3 Rfd8 16. Qe1 Be6 17. Nc4 Qb5 18. Nfd2 Qh5 19. Ba1 Bh6 20. e3 Bg7 21. Bf3 Bg4 22. Qe2 Bxf3 23. Qxf3 Ng4 24. Qg2 Bxa1 25. Rxa1 b5 26. f3 Nf6 27. Nb2 Qc5 28. Nd1 Ne5 29. Kh1 Qc2 30. Rf2 Rd7 31. Nf1 Qxb3 32. Rb2 Qa4 33. Rb4 Qa5 34. Qe2 a6 35. Nb2 Rcd8 36. Kg2 Nd3 37. e4 Nxb4 0-1

[Event "Madrid-ch sf-B"]
[Site "Madrid"]
[Date "2016.04.01"]
[Round "8"]
[White "Leniz Martinez, Francisco"]
[Black "Fernandez Rios, Jose Francisco"]
[Result "1/2-1/2"]
[WhiteElo "1698"]
[BlackElo "1776"]
[PlyCount "69"]
[EventDate "2016.03.03"]
[EventType "swiss"]
[EventRounds "9"]
[EventCountry "ESP"]
[SourceTitle "EXT 2017"]
[Source "ChessBase"]
[SourceDate "2016.10.25"]
[SourceVersion "1"]
[SourceVersionDate "2016.10.25"]
[SourceQuality "1"]

1. e4 c5 2. c3 d5 3. exd5 Qxd5 4. d4 g6 5. Na3 Bg7 6. Nf3 Nf6 7. Bc4 Qe4+ 8. Be3 0-0 9. h3 cxd4 10. cxd4 Nd5 11. Bxd5 Qxd5 12. 0-0 Nc6 13. Qe2 Rd8 14. Nb5 Qd7 15. Rfe1 Nb4 16. Nc3 Nd5 17. Nxd5 Qxd5 18. b3 Bf5 19. Rac1 Rac8 20. Rxc8 Rxc8 21. Rc1 Rxc1+ 22. Bxc1 Be4 23. Be3 e6 24. Qc4 Qxc4 25. bxc4 Bxf3 26. gxf3 a6 27. Kf1 Kf8 28. Ke2 Ke7 29. Bg5+ Kd6 30. Kd3 f5 31. Be3 b5 32. Kc3 bxc4 33. Kxc4 Bf6 34. f4 Bd8 35. f3 1/2-1/2

[Event "Madrid-ch sf-B"]
[Site "Madrid"]
[Date "2016.03.19"]
[Round "7"]
[White "Gonzalez Rivera, Eduardo"]
[Black "Leniz Martinez, Francisco"]
[Result "1/2-1/2"]
[WhiteElo "2047"]
[BlackElo "1698"]
[PlyCount "85"]
[EventDate "2016.03.03"]
[EventType "swiss"]
[EventRounds "9"]
[EventCountry "ESP"]
[SourceTitle "EXT 2017"]
[Source "ChessBase"]
[SourceDate "2016.10.25"]
[SourceVersion "1"]
[SourceVersionDate "2016.10.25"]
[SourceQuality "1"]

1. e4 c5 2. Nf3 e6 3. d4 cxd4 4. Nxd4 a6 5. Nc3 Qc7 6. g3 Bb4 7. Nde2 Nf6 8. Bg2 d6 9. 0-0 Nbd7 10. Be3 0-0 11. a3 Bc5 12. Bxc5 dxc5 13. Nf4 Rb8 14. a4 b6 15. Qe2 Bb7 16. Rfe1 Ne5 17. Nh5 Nxh5 18. Qxh5 Rbd8 19. Rad1 Nc6 20. e5 Rxd1 21. Rxd1 Nd4 22. Ne4 Bxe4 23. Bxe4 g6 24. Qg5 Rd8 25. Kf1 Nc6 26. Rxd8+ Nxd8 27. Qd2 Nb7 28. f4 h5 29. Qe2 c4 30. Kg2 b5 31. axb5 axb5 32. g4 hxg4 33. Qxg4 Nc5 34. Bf3 Qd7 35. Qg3 Na4 36. b3 cxb3 37. cxb3 Nc5 38. b4 Qd2+ 39. Qf2 Qxb4 40. Kg3 Nd3 41. Qe3 Qe1+ 42. Qxe1 Nxe1 43. Be2 1/2-1/2

[Event "Madrid-ch Previa-B"]
[Site "Madrid"]
[Date "2016.02.26"]
[Round "8"]
[White "Leniz Martinez, Francisco"]
[Black "Camarero Izquierdo, Juan Carlos"]
[Result "1/2-1/2"]
[WhiteElo "1690"]
[BlackElo "1833"]
[PlyCount "117"]
[EventDate "2016.02.04"]
[EventType "swiss"]
[EventRounds "9"]
[EventCountry "ESP"]
[SourceTitle "CBM 171 Extra"]
[Source "ChessBase"]
[SourceDate "2016.04.26"]
[SourceVersion "1"]
[SourceVersionDate "2016.04.26"]
[SourceQuality "1"]

1. e4 c5 2. c3 e6 3. d4 Nf6 4. e5 Nd5 5. Nf3 cxd4 6. cxd4 Nc6 7. Be2 d6 8. 0-0 Qc7 9. Bb5 a6 10. Bxc6+ Qxc6 11. a3 b5 12. Bd2 Bb7 13. Nc3 dxe5 14. Nxd5 Qxd5 15. dxe5 Rd8 16. Qe2 Qb3 17. Bc3 Be7 18. Rfd1 0-0 19. h3 b4 20. axb4 Bxb4 21. Bxb4 Qxb4 22. Rxd8 Rxd8 23. Rd1 Rxd1+ 24. Qxd1 Bd5 25. Qd4 Qb7 26. Ne1 h6 27. f3 Qb5 28. Kf2 a5 29. Nc2 a4 30. Ne3 Bb7 31. f4 Ba6 32. Qd2 Bb7 33. Qd4 Qb3 34. Qd8+ Kh7 35. Qd4 Qa2 36. Qc3 Qa1 37. Qc2+ Kg8 38. Qc3 Be4 39. Qd2 Kh7 40. Nd1 a3 41. bxa3 Qxa3 42. Ne3 Qe7 43. Qd4 Bb1 44. Qb2 Bg6 45. Qd4 Qh4+ 46. Kf1 Qg3 47. Kg1 Bh5 48. Nf1 Qe1 49. Qf2 Qa1 50. Kh2 g5 51. Ng3 Bg6 52. Qe3 f6 53. exf6 Qxf6 54. fxg5 hxg5 55. Qa7+ Kh6 56. Qe3 e5 57. h4 Qf4 58. hxg5+ Kxg5 59. Qxf4+ 1/2-1/2

[Event "Madrid-ch Previa-B"]
[Site "Madrid"]
[Date "2016.02.06"]
[Round "3"]
[White "Serrano Garcia, Vicente"]
[Black "Leniz Martinez, Francisco"]
[Result "1-0"]
[WhiteElo "1826"]
[BlackElo "1690"]
[PlyCount "67"]
[EventDate "2016.02.04"]
[EventType "swiss"]
[EventRounds "9"]
[EventCountry "ESP"]
[SourceTitle "CBM 171 Extra"]
[Source "ChessBase"]
[SourceDate "2016.04.26"]
[SourceVersion "1"]
[SourceVersionDate "2016.04.26"]
[SourceQuality "1"]

1. d4 Nf6 2. Nf3 c6 3. c4 d5 4. Nc3 e6 5. Bg5 Be7 6. e3 0-0 7. cxd5 exd5 8. Bd3 Bg4 9. h3 Bh5 10. g4 Bg6 11. Bxg6 hxg6 12. Ne5 Nbd7 13. f4 Re8 14. Qd3 Nf8 15. 0-0-0 b5 16. Nxc6 Qb6 17. Nxe7+ Rxe7 18. Kb1 Qb7 19. f5 Rd7 20. Bxf6 gxf6 21. e4 dxe4 22. Nxe4 Qb6 23. Nc5 Rd6 24. Qf3 Rb8 25. Rhe1 Qc6 26. Ne4 Rbd8 27. d5 Qb6 28. Nxd6 Qxd6 29. Qe3 Rd7 30. Qh6 Re7 31. Rxe7 Qxe7 32. Qd2 Qd6 33. Qc3 Kg7 34. Qc6 1-0

[Event "Madrid-ch Seniors"]
[Site "Madrid"]
[Date "2016.01.25"]
[Round "3"]
[White "Fernandez Garcia, Ignacio"]
[Black "Leniz Martinez, Francisco"]
[Result "1/2-1/2"]
[WhiteElo "1875"]
[BlackElo "1690"]
[PlyCount "101"]
[EventDate "2016.01.22"]
[EventType "swiss"]
[EventRounds "7"]
[EventCountry "ESP"]
[SourceTitle "EXT 2017"]
[Source "ChessBase"]
[SourceDate "2016.10.25"]
[SourceVersion "1"]
[SourceVersionDate "2016.10.25"]
[SourceQuality "1"]

1. e4 d6 2. d4 Nf6 3. f3 Nbd7 4. Nc3 g6 5. Be3 Bg7 6. Qd2 h5 7. Bd3 c5 8. Nge2 a6 9. dxc5 Nxc5 10. Bc4 Be6 11. Bb3 Nxb3 12. axb3 Bd7 13. Nf4 Bc6 14. 0-0 0-0 15. Rfd1 Qc7 16. Nh3 Rfe8 17. Kh1 Rac8 18. Qf2 Nd7 19. Bd4 Bxd4 20. Qxd4 Qb6 21. Qd2 Kg7 22. Qg5 Qc5 23. Qg3 Nf6 24. Qe1 Qe5 25. Nf2 Qg5 26. Nd3 Ra8 27. h4 Qh6 28. e5 Nd5 29. Nxd5 Bxd5 30. Qg3 Bc6 31. exd6 exd6 32. Nb4 d5 33. Nxd5 Re2 34. Nb4 Rc8 35. Re1 Rce8 36. Nxc6 bxc6 37. Rxe2 Rxe2 38. Rxa6 Qc1+ 39. Kh2 Re1 40. Qf2 Qf4+ 41. g3 Qc1 42. Qd4+ Kh7 43. Qf2 Rd1 44. Rxc6 Rd2 45. Qxd2 Qxd2+ 46. Kh3 Qe1 47. g4 Qf1+ 48. Kg3 Qg1+ 49. Kf4 Qd4+ 50. Kg3 Qg1+ 51. Kf4 1/2-1/2

[Event "Collado Villalba op-B 32nd"]
[Site "Collado Villalba"]
[Date "2015.08.22"]
[Round "1"]
[White "Orta Vazquez, Mario"]
[Black "Leniz Martinez, Francisco"]
[Result "0-1"]
[WhiteElo "1409"]
[BlackElo "1689"]
[PlyCount "108"]
[EventDate "2015.08.22"]
[EventType "swiss"]
[EventRounds "9"]
[EventCountry "ESP"]
[SourceTitle "EXT 2016"]
[Source "ChessBase"]
[SourceDate "2015.10.08"]
[SourceVersion "1"]
[SourceVersionDate "2015.10.08"]
[SourceQuality "1"]

1. c4 e5 2. Nc3 Nf6 3. g3 d5 4. cxd5 Nxd5 5. Bg2 Nb6 6. d3 Be7 7. e4 Be6 8. Nge2 Nc6 9. a3 a5 10. Be3 0-0 11. 0-0 Nd4 12. Bxd4 exd4 13. Na4 Nxa4 14. Qxa4 c5 15. Nf4 Bd7 16. Qc2 Bc6 17. Rfe1 Ra6 18. a4 Re8 19. Qc4 Rb6 20. b3 Rb4 21. Qc2 Bf8 22. Ne2 Rb6 23. Qc4 Rb4 24. Qc2 f5 25. f3 fxe4 26. fxe4 b5 27. axb5 Rxb5 28. Qc4+ Kh8 29. Rf1 Rb8 30. Nf4 Bb5 31. Qc2 Bc6 32. Bh3 Qb6 33. Be6 Bd6 34. Bc4 Bb5 35. Bd5 Bd7 36. Bc4 Bb5 37. Nd5 Qa7 38. Rf2 Bxc4 39. bxc4 Rf8 40. Raf1 Qa8 41. Qe2 Rxf2 42. Rxf2 a4 43. e5 Re8 44. e6 Qc8 45. e7 h6 46. Qe4 a3 47. Nf4 Bxf4 48. gxf4 Qc7 49. Re2 Qd7 50. Ra2 Qxe7 51. Rxa3 Qxe4 52. dxe4 Rxe4 53. Ra5 d3 54. Rxc5 Rd4 0-1

[Event "Madrid Codes Memorial 9th"]
[Site "Madrid"]
[Date "2015.05.17"]
[Round "6"]
[White "Sainz Pino, Fernando"]
[Black "Leniz Martinez, Francisco"]
[Result "1/2-1/2"]
[WhiteElo "1925"]
[BlackElo "1695"]
[PlyCount "136"]
[EventDate "2015.03.29"]
[EventType "swiss"]
[EventRounds "9"]
[EventCountry "ESP"]
[SourceTitle "EXT 2019"]
[Source "ChessBase"]
[SourceDate "2018.10.10"]
[SourceVersion "1"]
[SourceVersionDate "2018.10.10"]
[SourceQuality "1"]

1. e4 e6 2. d4 d5 3. e5 c5 4. c3 Nc6 5. Nf3 Qb6 6. Be2 f6 7. 0-0 fxe5 8. dxe5 Nge7 9. Bd3 Bd7 10. Na3 a6 11. Qc2 g6 12. Be3 Qa5 13. Qe2 c4 14. Bb1 Bg7 15. Bg5 0-0 16. Nc2 Qc7 17. Re1 Rae8 18. Ncd4 Nxd4 19. Nxd4 Nc6 20. Nxc6 Qxc6 21. Qe3 Rf7 22. h4 Qc7 23. g3 Ref8 24. Bf4 Qc6 25. Bc2 b5 26. Re2 Qb7 27. Qd4 Be8 28. Rd1 Bc6 29. Qe3 Re8 30. g4 Ref8 31. Rd4 Be8 32. g5 Rd7 33. Qh3 Qc6 34. Bd2 Rdf7 35. f4 Qb6 36. Be3 Qc7 37. Rf2 Qd7 38. h5 gxh5 39. Qxh5 Bh8 40. Qg4 Rf5 41. Bxf5 Rxf5 42. Rh2 Bg6 43. Rhd2 Bg7 44. b3 Qc7 45. bxc4 Qa5 46. cxd5 Qxc3 47. R2d3 Qa1+ 48. Qd1 Qxd1+ 49. Rxd1 exd5 50. Rxd5 Rf8 51. Rc1 Bf7 52. Rc7 Bxd5 53. Ra7 Bxa2 54. Rxa6 Bc4 55. Bc5 Re8 56. Bd6 h6 57. gxh6 Bxh6 58. f5 Bf4 59. e6 Bxe6 60. fxe6 Rxe6 61. Ra8+ Kg7 62. Bxf4 b4 63. Rb8 Re1+ 64. Kf2 Rb1 65. Ke2 Kf6 66. Bd2 b3 67. Kd3 Ke6 68. Kc3 Kd5 1/2-1/2

[Event "Madrid Codes Memorial 9th"]
[Site "Madrid"]
[Date "2015.04.19"]
[Round "3"]
[White "Leniz Martinez, Francisco"]
[Black "Pindado Campos, Raul"]
[Result "1/2-1/2"]
[WhiteElo "1695"]
[BlackElo "1919"]
[PlyCount "114"]
[EventDate "2015.03.29"]
[EventType "swiss"]
[EventRounds "9"]
[EventCountry "ESP"]
[SourceTitle "EXT 2019"]
[Source "ChessBase"]
[SourceDate "2018.10.10"]
[SourceVersion "1"]
[SourceVersionDate "2018.10.10"]
[SourceQuality "1"]

1. e4 c5 2. Nf3 e6 3. d4 cxd4 4. Nxd4 a6 5. c4 Qc7 6. Bd3 Nc6 7. Nxc6 bxc6 8. 0-0 Nf6 9. Qe2 d6 10. Bf4 e5 11. Bd2 Be7 12. h3 Be6 13. Nc3 0-0 14. Rac1 Qb7 15. b3 Rfd8 16. Bb1 Rac8 17. Rcd1 h6 18. Rfe1 Nh7 19. Na4 Nf8 20. Ba5 Re8 21. Kh2 Ng6 22. g3 Rb8 23. Qf1 Nf8 24. Bd3 Ra8 25. Bd2 Nh7 26. Be2 Red8 27. Ba5 Re8 28. Bf3 Ng5 29. Bg2 Rab8 30. Bc3 f6 31. h4 Nf7 32. Bh3 Bxh3 33. Qxh3 Qc8 34. Qxc8 Rexc8 35. Bd2 Nd8 36. Be3 Ne6 37. Re2 Rb7 38. Bc1 Nd4 39. Re3 d5 40. cxd5 cxd5 41. Kg2 Nc2 42. Re2 d4 43. Nb2 Rd7 44. Nc4 Nb4 45. Nb6 Rdc7 46. Nxc8 Rxc8 47. Ba3 Bf8 48. Bxb4 Bxb4 49. Rd3 a5 50. f4 Kf7 51. Kf3 Rc1 52. Kg2 Rc8 53. Rf2 Ke6 54. Re2 Rc1 55. Kf2 Rc8 56. h5 Rc1 57. Kg2 Rc8 1/2-1/2

[Event "Madrid-ch"]
[Site "Madrid"]
[Date "2015.02.16"]
[Round "7"]
[White "Canseco Arenas, Alfonso"]
[Black "Leniz Martinez, Francisco"]
[Result "1-0"]
[WhiteElo "1733"]
[BlackElo "1702"]
[PlyCount "81"]
[EventDate "2015.02.02"]
[EventType "swiss"]
[EventRounds "9"]
[EventCountry "ESP"]
[SourceTitle "CBM 164 Extra"]
[Source "ChessBase"]
[SourceDate "2015.03.02"]
[SourceVersion "1"]
[SourceVersionDate "2015.03.02"]
[SourceQuality "1"]

1. a3 e5 2. c4 Nf6 3. d3 Nc6 4. Nc3 h6 5. Nf3 d6 6. e3 Be7 7. Be2 0-0 8. 0-0 Re8 9. Bd2 Be6 10. b4 a6 11. Rb1 b6 12. Qc2 Nb8 13. Rfd1 Qc8 14. d4 exd4 15. Nxd4 Bg4 16. f3 Bd7 17. e4 Nc6 18. Be3 Nxd4 19. Bxd4 Be6 20. Nd5 Bxd5 21. cxd5 Qd7 22. Rbc1 Rec8 23. a4 Ne8 24. b5 a5 25. f4 Rcb8 26. h3 Qd8 27. Bg4 Ra7 28. Qa2 Nf6 29. Bf3 Ne8 30. e5 dxe5 31. fxe5 Bg5 32. Rc6 Kh8 33. d6 cxd6 34. exd6 Nf6 35. Qc4 Rd7 36. Be5 Qe8 37. Re1 Qd8 38. Rc7 Qe8 39. Rxd7 Qxd7 40. Qc7 Rb7 41. Qxb7 1-0

[Event "Madrid-ch"]
[Site "Madrid"]
[Date "2015.02.11"]
[Round "6"]
[White "Leniz Martinez, Francisco"]
[Black "Morona Calvo, Virgilio"]
[Result "1-0"]
[WhiteElo "1702"]
[BlackElo "1411"]
[PlyCount "111"]
[EventDate "2015.02.02"]
[EventType "swiss"]
[EventRounds "9"]
[EventCountry "ESP"]
[SourceTitle "CBM 164 Extra"]
[Source "ChessBase"]
[SourceDate "2015.03.02"]
[SourceVersion "1"]
[SourceVersionDate "2015.03.02"]
[SourceQuality "1"]

1. d4 Nf6 2. Nf3 d5 3. Bf4 c6 4. h3 e6 5. Nbd2 Bd6 6. Bxd6 Qxd6 7. e3 0-0 8. Bd3 Nbd7 9. 0-0 e5 10. dxe5 Nxe5 11. Nxe5 Qxe5 12. c3 Re8 13. a4 Be6 14. a5 c5 15. Re1 c4 16. Bc2 Red8 17. Nf3 Qh5 18. Nd4 Qxd1 19. Rexd1 a6 20. Ra4 Rd6 21. Rb4 Rb8 22. b3 b5 23. axb6 Rdxb6 24. Rxb6 Rxb6 25. bxc4 dxc4 26. e4 g6 27. Ra1 Bd7 28. f3 Bb5 29. Ba4 Nd7 30. Bxb5 axb5 31. Rb1 Nc5 32. Rxb5 Rxb5 33. Nxb5 Na4 34. Kf2 Kg7 35. Ke3 Kf6 36. Kd4 Nb2 37. Nd6 Nd3 38. Nxc4 Ne1 39. Ne3 Ke6 40. c4 h5 41. Kc3 Ke5 42. Kd2 Nxg2 43. Nxg2 Kd4 44. h4 Kxc4 45. Ke3 Kc5 46. f4 Kd6 47. Ne1 Ke6 48. Nd3 f5 49. Nf2 Kf6 50. Kd4 Ke6 51. Nh3 Kd6 52. e5+ Ke6 53. Kc5 Kd7 54. Kd5 Ke7 55. Kc6 Ke6 56. Ng5+ 1-0

[Event "Madrid San Viator op 21st"]
[Site "Madrid"]
[Date "2013.10.27"]
[Round "6"]
[White "Leniz Martinez, Francisco"]
[Black "Gonzalez Mateos, Rafael"]
[Result "0-1"]
[WhiteElo "1779"]
[BlackElo "2006"]
[PlyCount "33"]
[EventDate "2013.09.29"]
[EventType "swiss"]
[EventRounds "9"]
[EventCountry "ESP"]
[SourceTitle "EXT 2015"]
[Source "ChessBase"]
[SourceDate "2014.11.20"]
[SourceVersion "1"]
[SourceVersionDate "2014.11.20"]
[SourceQuality "1"]

1. c4 e5 2. g3 f5 3. Bg2 c6 4. a3 d6 5. d3 Nf6 6. Nc3 Be7 7. e3 0-0 8. Nge2 Be6 9. Qb3 Qc7 10. 0-0 Nbd7 11. d4 Rab8 12. d5 Bf7 13. Qd1 Nb6 14. b3 cxd5 15. cxd5 e4 16. Bb2 Nfxd5 17. Nb5 0-1

[Event "Madrid San Viator op 21st"]
[Site "Madrid"]
[Date "2013.10.13"]
[Round "4"]
[White "Leniz Martinez, Francisco"]
[Black "Vicente Minarro, Pedro"]
[Result "1-0"]
[WhiteElo "1779"]
[BlackElo "1556"]
[PlyCount "107"]
[EventDate "2013.09.29"]
[EventType "swiss"]
[EventRounds "9"]
[EventCountry "ESP"]
[SourceTitle "EXT 2015"]
[Source "ChessBase"]
[SourceDate "2014.11.20"]
[SourceVersion "1"]
[SourceVersionDate "2014.11.20"]
[SourceQuality "1"]

1. e4 c5 2. Nf3 d6 3. d4 cxd4 4. Nxd4 Nf6 5. Nc3 a6 6. Be2 e6 7. 0-0 Be7 8. Be3 0-0 9. Kh1 Bd7 10. f4 Nc6 11. Bf3 e5 12. Nf5 Bxf5 13. exf5 exf4 14. Bxf4 Qd7 15. Bg3 Rab8 16. Rb1 Ne5 17. Be2 Qc6 18. Qd4 Rfe8 19. Rbd1 Rbd8 20. Bf3 Nxf3 21. Rxf3 d5 22. Be5 Bc5 23. Qf4 Bd6 24. Bxd6 Qxd6 25. Qd4 Qe5 26. Rff1 h5 27. Qxe5 Rxe5 28. Rd4 Ng4 29. Nd1 Re2 30. c4 Rde8 31. Rxd5 Re1 32. Kg1 Nxh2 33. Rxe1 Rxe1+ 34. Kxh2 Kf8 35. Kg3 Re4 36. c5 Rc4 37. Nc3 g5 38. fxg6 fxg6 39. Rd7 Rxc5 40. Rxb7 Re5 41. Rb6 g5 42. Rxa6 Re3+ 43. Kf2 Re5 44. a4 h4 45. Rb6 g4 46. Rb5 Rxb5 47. Nxb5 Kf7 48. a5 Ke6 49. a6 Kd7 50. a7 g3+ 51. Kf3 h3 52. gxh3 g2 53. Kxg2 Ke6 54. a8Q 1-0

[Event "Madrid-ch Previa-B"]
[Site "Madrid"]
[Date "2013.02.22"]
[Round "8"]
[White "Leniz Martinez, Francisco"]
[Black "Cano Mercado, Francisco Manuel"]
[Result "0-1"]
[WhiteElo "1779"]
[BlackElo "1865"]
[PlyCount "106"]
[EventDate "2013.02.01"]
[EventType "swiss"]
[EventRounds "9"]
[EventCountry "ESP"]
[SourceTitle "CBM 152 Extra"]
[Source "ChessBase"]
[SourceDate "2013.02.25"]
[SourceVersion "1"]
[SourceVersionDate "2013.02.25"]
[SourceQuality "1"]

1. c4 e6 2. g3 d5 3. Bg2 c6 4. cxd5 exd5 5. Nf3 Nf6 6. 0-0 g6 7. b3 Bg7 8. Bb2 0-0 9. Re1 Re8 10. d4 Bf5 11. Nh4 Be4 12. Nd2 Bxg2 13. Nxg2 Nbd7 14. e3 Nf8 15. Rf1 Ne6 16. b4 Ng5 17. Ne1 Nge4 18. Ndf3 Qe7 19. a3 Ng4 20. Ng2 h5 21. h3 Nh6 22. Rc1 Nf5 23. Rc2 Nfd6 24. Ne5 Bxe5 25. dxe5 Nc4 26. Qd4 Nxb2 27. Rxb2 Qxe5 28. Qxe5 Rxe5 29. Rc1 Nd6 30. Rc3 Re4 31. Nf4 Rae8 32. Ne2 Kg7 33. Nd4 Kf6 34. Rbb3 Nc4 35. Kg2 R4e7 36. Rc2 g5 37. Kf3 Kg6 38. Rc1 Nd2+ 39. Ke2 Nxb3 40. Nxb3 Re4 41. Kd3 f5 42. Nc5 R4e7 43. Rg1 b6 44. Nb3 Rc8 45. Rc1 Kf6 46. Rc2 Ke5 47. f4+ gxf4 48. gxf4+ Kf6 49. Rf2 c5 50. Nd2 Rce8 51. Rf3 Re4 52. bxc5 bxc5 53. Nb3 c4+ 0-1

[Event "Madrid-ch Previa-B"]
[Site "Madrid"]
[Date "2013.02.16"]
[Round "7"]
[White "Leniz Martinez, Francisco"]
[Black "Bento Iglesias, Pablo"]
[Result "1-0"]
[WhiteElo "1779"]
[BlackElo "1525"]
[PlyCount "95"]
[EventDate "2013.02.01"]
[EventType "swiss"]
[EventRounds "9"]
[EventCountry "ESP"]
[SourceTitle "CBM 152 Extra"]
[Source "ChessBase"]
[SourceDate "2013.02.25"]
[SourceVersion "1"]
[SourceVersionDate "2013.02.25"]
[SourceQuality "1"]

1. c4 Nf6 2. Nc3 e6 3. g3 Be7 4. Bg2 0-0 5. Nf3 d5 6. cxd5 exd5 7. d4 Ne4 8. Qb3 Nxc3 9. bxc3 c6 10. 0-0 Nd7 11. a4 Nb6 12. Nd2 Be6 13. a5 Nd7 14. Qxb7 Qc8 15. Qxc8 Rfxc8 16. e4 Rab8 17. Re1 Rb5 18. f4 dxe4 19. Bxe4 Bd8 20. a6 Ba5 21. Ra3 Nb6 22. Bd3 Rd5 23. Re5 Rcd8 24. Rxa5 Rxe5 25. fxe5 Nd5 26. Rc5 Ne7 27. Be4 Rc8 28. Kg2 Rc7 29. Nf3 f5 30. exf6 gxf6 31. Bf4 Rc8 32. Kf2 Bd5 33. Bxd5+ Nxd5 34. c4 Nb4 35. Ra5 Re8 36. Ra3 Kf7 37. Bd6 Nc2 38. Rb3 Re4 39. Bc5 h5 40. Bxa7 h4 41. Bc5 h3 42. a7 Na1 43. Rb7+ Kg6 44. a8Q Re2+ 45. Kxe2 Nb3 46. Qg8+ Kf5 47. Qh7+ Ke6 48. Re7# 1-0